ISM in colaboration with INSPEN : CPD Talk on Financial Report Standards "FRS impact on surveyors in Malaysia", Part 3 :

Bibliographic Details
Corporate Authors: Institut Penilaian Negara, Institut Surveyor Malaysia
Format: Book
Published: Kuala Lumpur : Bukit Kiara Equestrian Club , 2006

MARC

LEADER 00000cam a2200000 7i4500
001 0000020576
005 20071025.0
040 |a INS 
090 0 0 |a VCD 944 
245 0 0 |a ISM in colaboration with INSPEN :   |b CPD Talk on Financial Report Standards "FRS impact on surveyors in Malaysia", Part 3 :   |b 21 November 2006 [  |h cakera video] 
260 |a Kuala Lumpur :   |b Bukit Kiara Equestrian Club ,   |c 2006 
300 |a 1 cakera video ( 65 min) :   |b snd. col. ;   |c 3/4 in. 
710 1 |a Institut Penilaian Negara 
710 1 |a Institut Surveyor Malaysia 
999 |a VCD0000944   |b VIDEO CD   |c Media Collection   |e Default branch